Statistics for 10 Closest Non Bordering Countries To Finland

Click here to take the quiz!

General Stats

  • This quiz has been taken 167 times
  • The average score is 9 of 10

Answer Stats

KmAnswer% Correct
829Germany
99%
633Poland
99%
57.3Estonia
98%
211Latvia
98%
379Lithuania
98%
702Denmark
98%
484Belarus
96%
876Ukraine
88%
1136Netherlands
81%
1107Czechia
77%

Score Distribution

Percentile by Number Answered

Percent of People with Each Score

Your Score History

You have not taken this quiz